[Event "Toronto NAYCC U10"]
[Site "Toronto"]
[Date "2013.08.18"]
[Round "8"]
[White "Luo, Benett"]
[Black "Surya, Benito"]
[Result "0-1"]
[WhiteElo "749"]
[BlackElo "1619"]
[PlyCount "106"]
[EventDate "2013.08.14"]
[EventType "swiss"]
[EventRounds "9"]
[EventCountry "CAN"]
[SourceTitle "EXT 2022"]
[Source "ChessBase"]
[SourceDate "2021.10.06"]
[SourceVersion "1"]
[SourceVersionDate "2021.10.06"]
[SourceQuality "1"]

1. d4 d5 2. c4 e6 3. e3 Nf6 4. Nc3 c5 5. Nf3 Nc6 6. Be2 Be7 7. 0-0 0-0 8. a3 a5 9. Qc2 cxd4 10. exd4 dxc4 11. Rd1 Nd5 12. Bxc4 Bf6 13. Be3 Nxc3 14. bxc3 Qe7 15. Bd3 g6 16. Bh6 Rd8 17. Bb5 Na7 18. Bc4 b5 19. Be2 Bb7 20. Rd2 Rac8 21. Qb2 Bc6 22. Rad1 Qb7 23. Rd3 Rc7 24. Re3 Rdc8 25. Bf1 Bd5 26. Ne5 Bc6 27. Qd2 Be8 28. Rf3 Bh8 29. Re1 Nc6 30. Ng4 Ne7 31. Nf6+ Bxf6 32. Rxf6 Nd5 33. Rf3 Rxc3 34. Rxc3 Rxc3 35. g3 Qc8 36. Bg2 Bc6 37. Rc1 Rxc1+ 38. Qxc1 Qd7 39. Qg5 Qe7 40. Qxe7 Nxe7 41. Bxc6 Nxc6 42. Be3 b4 43. axb4 axb4 44. Bd2 b3 45. Bc1 Nb4 46. Kf1 Nd3 47. Ba3 b2 48. Bxb2 Nxb2 49. Ke2 Nc4 50. Kd3 Nd6 51. f4 f6 52. h4 h6 53. Ke3 Nf5+ 0-1

[Event "Toronto NAYCC U10"]
[Site "Toronto"]
[Date "2013.08.14"]
[Round "1"]
[White "Luo, Benett"]
[Black "Ju, Lawrence"]
[Result "0-1"]
[WhiteElo "749"]
[BlackElo "1420"]
[PlyCount "66"]
[EventDate "2013.08.14"]
[EventType "swiss"]
[EventRounds "9"]
[EventCountry "CAN"]
[SourceTitle "EXT 2022"]
[Source "ChessBase"]
[SourceDate "2021.10.06"]
[SourceVersion "1"]
[SourceVersionDate "2021.10.06"]
[SourceQuality "1"]

1. d4 Nf6 2. c4 g6 3. Nc3 Bg7 4. e4 d6 5. Be3 0-0 6. Nf3 Bg4 7. Be2 Nbd7 8. h3 Bxf3 9. Bxf3 a5 10. Qd2 e5 11. d5 Nc5 12. Bh6 Nfd7 13. 0-0 Nb6 14. b3 f5 15. Bxg7 Kxg7 16. Rfe1 fxe4 17. Nxe4 Nxe4 18. Bxe4 Nd7 19. Rac1 Nc5 20. Rc3 Rf4 21. Bf3 Rd4 22. Qc2 Qf6 23. Rd1 Rxd1+ 24. Qxd1 e4 25. Be2 Qxc3 26. Bg4 e3 27. fxe3 Qxe3+ 28. Kh2 Qe5+ 29. Kg1 Rf8 30. Qd2 Ne4 31. Qxa5 Qa1+ 32. Kh2 Rf1 33. Qxc7+ Kh6 0-1